| 000 | 00919nam a2200241 i 4500 | ||
|---|---|---|---|
| 001 | 12081 | ||
| 003 | ES-MaACL | ||
| 005 | 20230906150233.0 | ||
| 007 | t| | ||
| 008 | 970407s1994 sp |||| |dspa d | ||
| 020 | _a84-605-0234-1 | ||
| 080 | _a860 Cervantes Saavedra, Miguel de 1.06 | ||
| 080 | _a929(=927)(0:82) | ||
| 245 | 0 | 3 | _aLa huella del cautiverio en el pensamiento y en la obra de Miguel de Cervantes. |
| 260 |
_aMadrid : _bFundación Cultural Banesto : _bFundación Instituto Internacional del Teatro del Mediterraneo, _cD.L. 1994. |
||
| 300 |
_a114 p. ; _c21 cm. |
||
| 600 | 1 | 4 |
_aCervantes Saavedra, Miguel de, _d1547-1616- _xCrítica e interpretación _937602 |
| 650 | 4 |
_aÁrabes- _xEn la literatura. _9169347 |
|
| 710 | 2 |
_aFundación Cultural Banesto. _94258 |
|
| 710 | 2 |
_aInstituto Internacional del Teatro del Mediterráneo. _95101 |
|
| 852 |
_aES-MaACL _jL-19396 |
||
| 999 |
_c12081 _d12081 |
||